| 000 | 008300000a22001930004500 | ||
|---|---|---|---|
| 001 | 3269 | ||
| 041 | 0 | _aSPA | |
| 082 | 0 | 4 | _aG 230 R892t |
| 100 | 1 | _aRoyo Marín, Antonio | |
| 245 | 1 | 0 | _aTelogía de la Perfección Cristiana / Antonio Royo Marín |
| 260 | _aMadrid, España : Biblioteca de Autores Cristianos | ||
| 300 | _a901 Pag | ||
| 505 | 0 | 0 | _a- El fin - Principios fundamentales - El desarrollo normal de la vida cristiana: - Aspecto negativos de la vida cristiana - Aspecto positivo de la vida cristiana - Los fenómenos místicos extraordinarios: - Las causas de los fenómenos extraordinarios - Los Fenómenos en particular - |
| 650 | 1 | 4 | _aPERFECCION (CRISTIANISMO) - IGLESIA CATOLICA |
| 942 | _cBK | ||
| 999 |
_c33950 _d33950 |
||
| 336 |
_atexto _btxt _2rdacontent |
||
| 337 |
_2rdamedia _asin mediación _bn |
||
| 338 |
_2rdacarrier _avolumen _bnc |
||